The city reader

Αποθηκεύτηκε σε:
Λεπτομέρειες βιβλιογραφικής εγγραφής
Άλλοι συγγραφείς: LeGates, Richard T. (Επιμελητής έκδοσης), Stout, Frederic 1943- (Επιμελητής έκδοσης)
Μορφή: Βιβλίο
Γλώσσα:English
Δημοσίευση: London : Routledge, 2007
Έκδοση:4th ed.
Σειρά:Routledge urban reader series
Θέματα:
Ετικέτες: Προσθήκη ετικέτας
Δεν υπάρχουν, Καταχωρήστε ετικέτα πρώτοι!

MARC

LEADER 00000nam a2200000 i 4500
001 1/87235
008 080530s2007 eng d
020 |a 978-0-415-77084 (pbk.) 
035 |l 10097830 
040 |a GR-MY-UA  |b gre  |e aacr 
041 0 |a eng 
082 0 |a 307.76  |2 (22) 
245 1 4 |a The city reader /  |c edited by Richard T. LeGates and Frederic Stout 
250 |a 4th ed. 
260 |a London :   |b Routledge,   |c 2007 
300 |a xxii, 567 σ.;  |b εικ., χάρτες;  |c 25 εκ. 
490 1 |a The Routledge urban reader series 
504 |a Βιβλιογραφία: σ. 540-551 
504 |a Ευρετήριο: σ. 560-567 
650 0 0 |a Urban policy. 
650 0 0 |a Cities and towns. 
650 0 0 |a City planning. 
700 1 |a LeGates, Richard T.  |4 edt 
700 1 |a Stout, Frederic  |d 1943-  |4 edt 
830 0 |a Routledge urban reader series 
852 |a INST  |b LESVOS  |e 20080530  |h 307.76 CIT  |p 005100042326  |q 005100042326  |t BK  |y 0 
901 |a BIBL1-2008-2 
909 |a Λ  |b 152661 
922 |a 1ΕΛΗ  |b 200803  |c ΕΠΕΑΕΚ2/ΤΓ  |d ΕΛΕΥΘΕΡΟΥΔΑΚΗΣ 
970 |a ΓΙΑΛΑΜΑ  |b ΜΑΡΙΑ  |z 2008/05/30